| 000 | 01106nam0a2200301 4500 | ||
|---|---|---|---|
| 001 | RU\NLR\ONL2\4485 | ||
| 005 | 20250727040728.0 | ||
| 035 | _a(NLR Aleph) 009652083 | ||
| 090 |
_a9574899 _c9574899 |
||
| 100 | _a20060117d1937 |||y0rusy50 ca | ||
| 101 | 0 | _akoy | |
| 102 | _aRU | ||
| 105 | _aa ||||||||| | ||
| 200 | 1 |
_aNotajme _fLev Zukov (Qaktьnnoken) _gИл. И. В. Вальтер |
|
| 210 |
_aМ. _aЛ. _cДетиздат _d1937 |
||
| 215 |
_a98,[2] с. _cил. _d22 |
||
| 541 | 1 |
_6z01790 _aНотаймэ _eИст. рассказ _zrus |
|
| 686 | 1 | _aШ9(2)6=Кор-4 | |
| 700 | 1 |
_4070 _7ba _8rus _aŽukov _bL. _cписатель _f1915-1937 _gLev _9236860 _3RU\NLR\AUTH\770236916 |
|
| 702 | 1 |
_4440 _7ca _8rus _aВальтер _bИ. В. _f1903-1993 _gИрина Владимировна _9223821 _3RU\NLR\AUTH\770223877 |
|
| 790 | 1 |
_4070 _7ca _8rus _aЖуков _bЛ. _cписатель _f1915-1937 _gЛев _9236857 _3RU\NLR\AUTH\770236913 |
|
| 801 | 0 |
_aRU _bNLR _c20060117 _gPSBO |
|
| 852 |
_aNLR _bОНЛ _jКоряк./3-25 |
||
| 942 | _cBOOK | ||
| 980 | _aNB | ||
| 980 | _aONL_RF | ||